Real wages in India, 1939-1950. (Record no. 54380)

MARC details
000 -LEADER
fixed length control field 00676cam a22002291 4500
001 - CONTROL NUMBER
control field sa 63002265
003 - CONTROL NUMBER IDENTIFIER
control field DLC
005 - DATE AND TIME OF LATEST TRANSACTION
control field 20260227111932.0
008 - FIXED-LENGTH DATA ELEMENTS--GENERAL INFORMATION
fixed length control field 770913s1962 ii a b 001 0 eng
010 ## - LIBRARY OF CONGRESS CONTROL NUMBER
LC control number sa 63002265
035 ## - SYSTEM CONTROL NUMBER
System control number (OCoLC)3259647
040 ## - CATALOGING SOURCE
Original cataloging agency DLC
Transcribing agency MCM
Modifying agency DLC
042 ## - AUTHENTICATION CODE
Authentication code premarc
050 00 - LIBRARY OF CONGRESS CALL NUMBER
Classification number HD5069
Item number .P23
100 1# - MAIN ENTRY--PERSONAL NAME
Personal name Palekar, Shreekant A.,
Dates associated with a name 1918-
245 10 - TITLE STATEMENT
Title Real wages in India, 1939-1950.
Statement of responsibility, etc. With a foreword by John T. Dunlop.
260 ## - PUBLICATION, DISTRIBUTION, ETC.
Place of publication, distribution, etc. Bombay,
Name of publisher, distributor, etc. International Book House,
Date of publication, distribution, etc. 1962.
300 ## - PHYSICAL DESCRIPTION
Extent xxvi, 378 p.
Other physical details illus.
Dimensions 23 cm.
504 ## - BIBLIOGRAPHY, ETC. NOTE
Bibliography, etc. note Includes bibliography.
650 #0 - SUBJECT ADDED ENTRY--TOPICAL TERM
Topical term or geographic name entry element Wages
Geographic subdivision India.
650 #0 - SUBJECT ADDED ENTRY--TOPICAL TERM
Topical term or geographic name entry element Cost and standard of living
Geographic subdivision India.

No items available.

Powered by Koha